[Event "WYCC Open U18"]
[Site "Porto Carras"]
[Date "2015.11.01"]
[Round "7.9"]
[White "Harutyunian, Tigran K."]
[Black "Rahman, Adel"]
[Result "1-0"]
[BlackElo "2234"]
[WhiteElo "2459"]
[LiveChessVersion "1.4.6"]

1. c4 {[%clk 1:30:54]} Nf6 {[%clk 1:30:23]} 2. Nf3 {[%clk 1:30:02]} g6
{[%clk 1:30:24]} 3. g3 {[%clk 1:29:09]} Bg7 {[%clk 1:30:20]} 4. Bg2
{[%clk 1:29:24]} c6 {[%clk 1:30:19]} 5. Nc3 {[%clk 1:29:17]} d5 {[%clk 1:30:28]}
6. d4 {[%clk 1:29:39]} O-O {[%clk 1:29:58]} 7. Qb3 {[%clk 1:30:04]} Qb6
{[%clk 1:27:53]} 8. O-O {[%clk 1:29:08]} Rd8 {[%clk 1:27:58]} 9. cxd5
{[%clk 1:25:04]} Qxb3 {[%clk 1:18:28]} 10. axb3 {[%clk 1:25:13]} Nxd5
{[%clk 1:18:49]} 11. Bg5 {[%clk 1:19:57]} Kf8 {[%clk 1:06:43]} 12. Rfc1
{[%clk 1:19:14]} Be6 {[%clk 1:05:32]} 13. Ra3 {[%clk 1:12:25]} Na6
{[%clk 0:58:45]} 14. Bd2 {[%clk 1:03:32]} Nac7 {[%clk 0:51:43]} 15. e3
{[%clk 0:56:13]} Nxc3 {[%clk 0:46:35]} 16. bxc3 {[%clk 0:51:39]} Nb5
{[%clk 0:46:57]} 17. Raa1 {[%clk 0:36:39]} Bxb3 {[%clk 0:41:58]} 18. c4
{[%clk 0:36:43]} Nd6 {[%clk 0:42:06]} 19. Ba5 {[%clk 0:31:40]} b6
{[%clk 0:32:10]} 20. Nd2 {[%clk 0:31:58]} Bxc4 {[%clk 0:32:02]} 21. Nxc4
{[%clk 0:31:57]} Nxc4 {[%clk 0:32:23]} 22. Rxc4 {[%clk 0:29:01]} bxa5
{[%clk 0:32:47]} 23. Rxa5 {[%clk 0:26:51]} Rac8 {[%clk 0:25:36]} 24. Rxa7
{[%clk 0:24:28]} e5 {[%clk 0:12:38]} 25. Bxc6 {[%clk 0:20:29]} exd4
{[%clk 0:03:29]} 26. Bd5 {[%clk 0:20:57]} Rxc4 {[%clk 0:01:43]} 27. Rxf7+
{[%clk 0:19:47]} Kg8 {[%clk 0:01:01]} 28. Bxc4 {[%clk 0:11:33]} Kh8
{[%clk 0:01:19]} 29. Re7 {[%clk 0:11:48]} Bf8 {[%clk 0:00:51]} 30. Re5
{[%clk 0:07:58]} dxe3 {[%clk 0:00:59]} 31. fxe3 {[%clk 0:08:14]} Rd2
{[%clk 0:01:10]} 32. Rb5 {[%clk 0:07:56]} Bd6 {[%clk 0:01:17]} 33. e4
{[%clk 0:08:00]} Rd4 {[%clk 0:01:27]} 34. Bd5 {[%clk 0:08:18]} Be5
{[%clk 0:01:32]} 35. Bc6 {[%clk 0:06:42]} Rd1+ {[%clk 0:01:57]} 36. Kf2
{[%clk 0:06:29]} Bd4+ {[%clk 0:02:01]} 37. Ke2 {[%clk 0:06:14]} Rc1
{[%clk 0:02:22]} 38. Bd5 {[%clk 0:06:01]} Kg7 {[%clk 0:00:50]} 39. Rb7+
{[%clk 0:05:25]} Kh6 {[%clk 0:01:18]} 40. Bg8 {[%clk 0:35:23]} Bg7
{[%clk 0:31:37]} 41. g4 {[%clk 0:34:40]} Bf6 {[%clk 0:26:07]} 42. Rxh7+
{[%clk 0:27:57]} Kg5 {[%clk 0:26:33]} 43. h3 {[%clk 0:27:50]} Rc2+
{[%clk 0:25:16]} 44. Ke3 {[%clk 0:27:49]} Rc3+ {[%clk 0:25:38]} 45. Kd2
{[%clk 0:28:10]} Rg3 {[%clk 0:25:57]} 46. Bf7 {[%clk 0:25:28]} Ra3
{[%clk 0:25:12]} 47. Ke2 {[%clk 0:18:47]} Rc3 {[%clk 0:21:14]} 48. Be8
{[%clk 0:18:06]} Rc2+ {[%clk 0:19:51]} 49. Ke3 {[%clk 0:18:24]} Rc3+
{[%clk 0:20:17]} 50. Kd2 {[%clk 0:18:42]} Rg3 {[%clk 0:20:30]} 51. Ke2
{[%clk 0:17:39]} Rc3 {[%clk 0:20:13]} 52. Bb5 {[%clk 0:17:27]} Rg3
{[%clk 0:15:53]} 53. Bd3 {[%clk 0:15:41]} Be5 {[%clk 0:15:11]} 54. Kd2
{[%clk 0:12:03]} Bf4+ {[%clk 0:14:24]} 55. Kc3 {[%clk 0:11:56]} Be5+
{[%clk 0:14:07]} 56. Kc4 {[%clk 0:12:21]} Bf6 {[%clk 0:14:24]} 57. Bb1
{[%clk 0:09:55]} Rg1 {[%clk 0:14:47]} 58. Ba2 {[%clk 0:08:13]} Rd1
{[%clk 0:10:26]} 59. Kc5 {[%clk 0:08:27]} Kf4 {[%clk 0:10:21]} 60. Bd5
{[%clk 0:07:40]} Be5 {[%clk 0:08:47]} 61. Rf7+ {[%clk 0:04:43]} Kg3
{[%clk 0:09:07]} 62. Rh7 {[%clk 0:03:54]} Rh1 {[%clk 0:08:26]} 63. Rh6
{[%clk 0:03:01]} g5 {[%clk 0:07:50]} 64. Be6 {[%clk 0:03:17]} Rxh3
{[%clk 0:06:47]} 65. Rxh3+ {[%clk 0:03:27]} Kxh3 {[%clk 0:07:13]} 66. Kd5
{[%clk 0:03:50]} Bb2 {[%clk 0:06:37]} 67. e5 {[%clk 0:03:12]} Kg3
{[%clk 0:04:58]} 68. Ke4 {[%clk 0:03:28]} Ba3 {[%clk 0:03:12]} 69. Bc8
{[%clk 0:03:46]} Be7 {[%clk 0:02:38]} 70. Kf5 {[%clk 0:03:55]} Bd8
{[%clk 0:02:56]} 71. e6 {[%clk 0:03:27]} Be7 {[%clk 0:01:00]} 72. Kg6
{[%clk 0:03:42]} 1-0

[Event "WYCC Open U18"]
[Site "Porto Carras"]
[Date "2015.11.01"]
[Round "7.10"]
[White "Akhmetov, Ayan"]
[Black "Tan, Justin"]
[Result "0-1"]
[BlackElo "2445"]
[WhiteElo "2357"]
[LiveChessVersion "1.4.6"]

1. e4 {[%clk 1:30:54]} e5 {[%clk 1:30:52]} 2. Nc3 {[%clk 1:30:57]} Nc6
{[%clk 1:31:16]} 3. g3 {[%clk 1:31:19]} Bc5 {[%clk 1:31:23]} 4. Bg2
{[%clk 1:31:25]} a6 {[%clk 1:31:18]} 5. Nge2 {[%clk 1:31:40]} d6 {[%clk 1:31:40]}
6. O-O {[%clk 1:31:56]} Nge7 {[%clk 1:32:06]} 7. d3 {[%clk 1:31:57]} O-O
{[%clk 1:31:06]} 8. h3 {[%clk 1:32:09]} f5 {[%clk 1:28:18]} 9. Kh2
{[%clk 1:27:31]} Be6 {[%clk 1:23:20]} 10. f4 {[%clk 1:22:25]} Qd7
{[%clk 1:22:24]} 11. exf5 {[%clk 1:16:49]} Nxf5 {[%clk 1:20:39]} 12. Ne4
{[%clk 1:16:02]} Ne3 {[%clk 1:18:23]} 13. Bxe3 {[%clk 1:16:07]} Bxe3
{[%clk 1:18:50]} 14. Ng5 {[%clk 1:10:12]} Kh8 {[%clk 1:15:22]} 15. d4
{[%clk 1:00:36]} exd4 {[%clk 1:05:11]} 16. c3 {[%clk 0:56:16]} Bf5
{[%clk 0:46:09]} 17. cxd4 {[%clk 0:55:27]} Rae8 {[%clk 0:44:27]} 18. a3
{[%clk 0:49:18]} Na5 {[%clk 0:42:45]} 19. Nf3 {[%clk 0:46:10]} Nc4
{[%clk 0:40:49]} 20. b3 {[%clk 0:42:09]} Nb2 {[%clk 0:40:08]} 21. Qe1
{[%clk 0:42:37]} Qb5 {[%clk 0:35:09]} 22. Qc3 {[%clk 0:39:13]} Qxe2
{[%clk 0:32:28]} 23. Rae1 {[%clk 0:39:28]} Nd1 {[%clk 0:19:21]} 24. Rxd1
{[%clk 0:24:26]} Qc2 {[%clk 0:19:47]} 25. Qa5 {[%clk 0:19:54]} Bd3
{[%clk 0:17:24]} 26. Rxd3 {[%clk 0:20:11]} Qxd3 {[%clk 0:17:53]} 27. Qxc7
{[%clk 0:20:33]} Bxd4 {[%clk 0:13:47]} 28. Qxb7 {[%clk 0:20:55]} Re2
{[%clk 0:12:46]} 29. Nxd4 {[%clk 0:19:15]} Qxd4 {[%clk 0:13:14]} 30. h4
{[%clk 0:19:05]} Qb2 {[%clk 0:12:46]} 31. a4 {[%clk 0:18:20]} Rd2
{[%clk 0:09:33]} 32. Re1 {[%clk 0:18:13]} d5 {[%clk 0:09:06]} 33. Rg1
{[%clk 0:18:17]} Rd3 {[%clk 0:08:53]} 34. Qxa6 {[%clk 0:18:09]} Qxb3
{[%clk 0:08:59]} 35. Qd6 {[%clk 0:17:52]} Rg8 {[%clk 0:04:53]} 36. f5
{[%clk 0:18:00]} Qb8 {[%clk 0:04:12]} 37. Qxb8 {[%clk 0:17:31]} Rxb8
{[%clk 0:04:42]} 38. a5 {[%clk 0:17:56]} Rb2 {[%clk 0:03:55]} 39. a6
{[%clk 0:16:55]} Ra2 {[%clk 0:04:15]} 40. Rc1 {[%clk 0:44:19]} h5
{[%clk 0:34:39]} 41. Kh3 {[%clk 0:38:27]} Rdd2 {[%clk 0:32:52]} 42. a7
{[%clk 0:38:22]} Kh7 {[%clk 0:27:11]} 43. a8=Q {[%clk 0:36:26]} Rxa8
{[%clk 0:27:39]} 44. Bf3 {[%clk 0:36:49]} Rf8 {[%clk 0:27:17]} 45. Bxh5
{[%clk 0:37:12]} Rxf5 {[%clk 0:27:46]} 46. Bg4 {[%clk 0:36:36]} Rff2
{[%clk 0:27:54]} 47. Be6 {[%clk 0:36:57]} Rf6 {[%clk 0:26:45]} 48. Re1
{[%clk 0:36:29]} d4 {[%clk 0:26:32]} 49. Bd5 {[%clk 0:34:05]} Rd6
{[%clk 0:25:02]} 50. Be4+ {[%clk 0:34:14]} Kg8 {[%clk 0:25:27]} 51. Kg4
{[%clk 0:31:28]} d3 {[%clk 0:24:45]} 52. Kf3 {[%clk 0:30:41]} Rb2
{[%clk 0:23:58]} 53. g4 {[%clk 0:28:14]} d2 {[%clk 0:24:07]} 54. Rd1
{[%clk 0:28:39]} Rb3+ {[%clk 0:24:25]} 55. Kf4 {[%clk 0:26:55]} Rd8
{[%clk 0:20:40]} 56. Ke5 {[%clk 0:25:31]} Re3 {[%clk 0:21:05]} 57. Kf4
{[%clk 0:25:51]} Re1 {[%clk 0:21:02]} 0-1

[Event "WYCC Open U18"]
[Site "Porto Carras"]
[Date "2015.11.01"]
[Round "7.11"]
[White "Jarmula, Lukasz"]
[Black "Korpa, Bence"]
[Result "1-0"]
[BlackElo "2430"]
[WhiteElo "2321"]
[LiveChessVersion "1.4.6"]

1. d4 {[%clk 1:30:58]} d5 {[%clk 1:30:48]} 2. c4 {[%clk 1:31:23]} c6
{[%clk 1:31:08]} 3. Nf3 {[%clk 1:31:47]} Nf6 {[%clk 1:31:27]} 4. Nc3
{[%clk 1:32:11]} dxc4 {[%clk 1:31:45]} 5. a4 {[%clk 1:32:32]} e6 {[%clk 1:32:04]}
6. e3 {[%clk 1:32:48]} c5 {[%clk 1:32:13]} 7. Bxc4 {[%clk 1:33:11]} Nc6
{[%clk 1:32:32]} 8. O-O {[%clk 1:33:32]} cxd4 {[%clk 1:32:54]} 9. exd4
{[%clk 1:33:56]} Be7 {[%clk 1:33:13]} 10. Qe2 {[%clk 1:34:12]} O-O
{[%clk 1:33:18]} 11. Rd1 {[%clk 1:34:33]} Nd5 {[%clk 1:33:05]} 12. Qe4
{[%clk 1:34:29]} Nf6 {[%clk 1:27:44]} 13. Qh4 {[%clk 1:33:19]} Nd5
{[%clk 1:26:00]} 14. Qg3 {[%clk 1:26:49]} Re8 {[%clk 1:10:54]} 15. Bh6
{[%clk 1:10:57]} Bf8 {[%clk 1:10:26]} 16. Bg5 {[%clk 1:09:06]} f6
{[%clk 1:04:38]} 17. Bd2 {[%clk 1:08:52]} Ncb4 {[%clk 0:56:27]} 18. Ne4
{[%clk 1:02:19]} b6 {[%clk 0:54:41]} 19. Rac1 {[%clk 0:57:34]} Bd7
{[%clk 0:45:38]} 20. Bb3 {[%clk 0:55:14]} Qb8 {[%clk 0:37:12]} 21. Ne5
{[%clk 0:45:37]} fxe5 {[%clk 0:30:17]} 22. Bxb4 {[%clk 0:44:54]} exd4
{[%clk 0:19:39]} 23. Bd6 {[%clk 0:37:28]} Bxd6 {[%clk 0:18:32]} 24. Nxd6
{[%clk 0:37:17]} Re7 {[%clk 0:08:11]} 25. Nf5 {[%clk 0:34:27]} exf5
{[%clk 0:06:22]} 26. Bxd5+ {[%clk 0:34:50]} Kh8 {[%clk 0:06:41]} 27. Bxa8
{[%clk 0:34:59]} Qxa8 {[%clk 0:07:03]} 28. Qd6 {[%clk 0:33:34]} Qe8
{[%clk 0:07:11]} 29. b3 {[%clk 0:31:49]} Re4 {[%clk 0:03:48]} 30. h3
{[%clk 0:31:29]} Be6 {[%clk 0:03:13]} 31. Rxd4 {[%clk 0:28:09]} Bxb3
{[%clk 0:02:35]} 32. Rxe4 {[%clk 0:27:39]} fxe4 {[%clk 0:02:33]} 33. Qd4
{[%clk 0:27:17]} h6 {[%clk 0:00:43]} 34. Rc7 {[%clk 0:27:22]} Qg6
{[%clk 0:00:58]} 35. Rxa7 {[%clk 0:27:26]} 1-0

[Event "WYCC Open U18"]
[Site "Porto Carras"]
[Date "2015.11.01"]
[Round "7.12"]
[White "Tutisani, Noe"]
[Black "Codenotti, Marco"]
[Result "1/2-1/2"]
[BlackElo "2419"]
[WhiteElo "2335"]
[LiveChessVersion "1.4.6"]

1. e4 {[%clk 1:30:57]} e5 {[%clk 1:30:42]} 2. Nf3 {[%clk 1:31:21]} Nc6
{[%clk 1:31:07]} 3. Bb5 {[%clk 1:31:47]} Nf6 {[%clk 1:31:33]} 4. O-O
{[%clk 1:32:11]} Nxe4 {[%clk 1:32:01]} 5. Re1 {[%clk 1:32:35]} Nd6
{[%clk 1:32:23]} 6. Nxe5 {[%clk 1:32:59]} Be7 {[%clk 1:32:48]} 7. Bf1
{[%clk 1:33:07]} Nf5 {[%clk 1:32:56]} 8. Nf3 {[%clk 1:33:32]} d5 {[%clk 1:30:21]}
9. d4 {[%clk 1:33:56]} O-O {[%clk 1:30:08]} 10. c3 {[%clk 1:34:23]} Nd6
{[%clk 1:17:36]} 11. Bf4 {[%clk 1:26:39]} Ne4 {[%clk 1:13:50]} 12. Nbd2
{[%clk 1:25:10]} Bf5 {[%clk 1:07:45]} 13. Nxe4 {[%clk 1:25:10]} Bxe4
{[%clk 1:07:41]} 14. Bd3 {[%clk 1:25:35]} Bxd3 {[%clk 1:07:52]} 15. Qxd3
{[%clk 1:26:01]} h6 {[%clk 1:07:11]} 16. Re3 {[%clk 1:22:57]} Qd7
{[%clk 1:00:55]} 17. Rae1 {[%clk 1:16:42]} Bf6 {[%clk 1:00:28]} 18. Qe2
{[%clk 1:09:42]} Rfd8 {[%clk 0:50:36]} 19. Be5 {[%clk 1:08:21]} Be7
{[%clk 0:45:20]} 20. Bg3 {[%clk 1:04:39]} Bf6 {[%clk 0:41:59]} 21. h3
{[%clk 1:03:30]} Kf8 {[%clk 0:41:37]} 22. Nh2 {[%clk 1:01:13]} Bg5
{[%clk 0:36:19]} 23. f4 {[%clk 0:59:19]} Be7 {[%clk 0:30:31]} 24. Ng4
{[%clk 0:59:38]} Bd6 {[%clk 0:29:57]} 25. Qd3 {[%clk 0:58:22]} f5
{[%clk 0:26:20]} 26. Ne5 {[%clk 0:55:15]} Bxe5 {[%clk 0:26:15]} 27. fxe5
{[%clk 0:55:42]} Qe6 {[%clk 0:26:36]} 28. Rf1 {[%clk 0:54:31]} Ne7
{[%clk 0:27:01]} 29. Ref3 {[%clk 0:53:35]} Kg8 {[%clk 0:27:06]} 30. h4
{[%clk 0:52:45]} g6 {[%clk 0:20:15]} 31. Bf4 {[%clk 0:46:29]} Kg7
{[%clk 0:20:16]} 32. g4 {[%clk 0:44:26]} Kh7 {[%clk 0:15:16]} 33. Bd2
{[%clk 0:43:27]} Rf8 {[%clk 0:12:32]} 34. Kh1 {[%clk 0:43:13]} Kg7
{[%clk 0:04:54]} 35. h5 {[%clk 0:43:08]} f4 {[%clk 0:05:00]} 36. Rxf4
{[%clk 0:36:04]} Rxf4 {[%clk 0:04:10]} 37. Rxf4 {[%clk 0:36:31]} g5
{[%clk 0:04:02]} 38. Rf5 {[%clk 0:35:43]} Nxf5 {[%clk 0:01:10]} 39. gxf5
{[%clk 0:36:09]} Qd7 {[%clk 0:00:34]} 40. Kh2 {[%clk 1:05:51]} Kf8
{[%clk 0:30:38]} 41. Kg3 {[%clk 1:05:46]} Qa4 {[%clk 0:29:39]} 42. Be3
{[%clk 0:56:34]} Qc4 {[%clk 0:26:01]} 43. Qxc4 {[%clk 0:56:13]} dxc4
{[%clk 0:26:30]} 44. Kf3 {[%clk 0:56:13]} c6 {[%clk 0:25:48]} 45. Ke4
{[%clk 0:56:19]} Kf7 {[%clk 0:22:35]} 46. Bf2 {[%clk 0:56:17]} Rd8
{[%clk 0:17:07]} 47. Bg3 {[%clk 0:56:31]} b5 {[%clk 0:17:02]} 48. e6+
{[%clk 0:55:27]} Ke7 {[%clk 0:17:30]} 49. Bc7 {[%clk 0:54:00]} Rc8
{[%clk 0:17:50]} 50. Bh2 {[%clk 0:54:06]} Rd8 {[%clk 0:18:12]} 51. Bg3
{[%clk 0:54:29]} a6 {[%clk 0:14:10]} 52. a3 {[%clk 0:53:47]} Kf6 {[%clk 0:11:29]}
53. Be5+ {[%clk 0:53:55]} Ke7 {[%clk 0:11:57]} 54. Bg7 {[%clk 0:54:17]} a5
{[%clk 0:11:02]} 55. Be5 {[%clk 0:50:39]} Rg8 {[%clk 0:09:26]} 56. Bh2
{[%clk 0:49:24]} Kf6 {[%clk 0:09:55]} 57. Bg3 {[%clk 0:49:29]} Rc8
{[%clk 0:09:34]} 58. Bd6 {[%clk 0:46:16]} Rg8 {[%clk 0:09:53]} 59. Bg3
{[%clk 0:42:28]} Rc8 {[%clk 0:08:39]} 60. Be5+ {[%clk 0:42:53]} Ke7
{[%clk 0:09:08]} 61. Bg7 {[%clk 0:41:55]} Rd8 {[%clk 0:09:36]} 62. Bxh6
{[%clk 0:41:35]} Kf6 {[%clk 0:09:57]} 63. e7 {[%clk 0:42:01]} Rg8
{[%clk 0:02:51]} 64. Bxg5+ {[%clk 0:42:27]} Kf7 {[%clk 0:02:43]} 65. Kf4
{[%clk 0:42:51]} a4 {[%clk 0:02:17]} 66. f6 {[%clk 0:43:04]} Rh8 {[%clk 0:01:22]}
67. Kg4 {[%clk 0:43:22]} Rh7 {[%clk 0:01:04]} 68. h6 {[%clk 0:43:46]} Rh8
{[%clk 0:01:27]} 69. Kh5 {[%clk 0:44:09]} Rc8 {[%clk 0:00:39]} 70. h7
{[%clk 0:44:32]} Rh8 {[%clk 0:01:06]} 71. Kh6 {[%clk 0:44:58]} Rc8
{[%clk 0:01:30]} 72. Bf4 {[%clk 0:43:26]} Rh8 {[%clk 0:01:58]} 73. Bg3
{[%clk 0:42:37]} Re8 {[%clk 0:02:22]} 74. Bc7 {[%clk 0:42:39]} Rh8
{[%clk 0:02:51]} 75. Bf4 {[%clk 0:43:04]} Re8 {[%clk 0:03:18]} 76. Kg5
{[%clk 0:43:30]} Rh8 {[%clk 0:03:47]} 77. Kf5 {[%clk 0:43:20]} Rxh7
{[%clk 0:04:16]} 78. Ke5 {[%clk 0:43:45]} Rh4 {[%clk 0:03:53]} 79. Ke4
{[%clk 0:42:30]} Rh1 {[%clk 0:03:19]} 80. d5 {[%clk 0:41:11]} Re1+
{[%clk 0:02:58]} 81. Kd4 {[%clk 0:41:11]} cxd5 {[%clk 0:02:14]} 82. Be5
{[%clk 0:39:21]} Re2 {[%clk 0:01:12]} 83. Kxd5 {[%clk 0:39:25]} Rxb2
{[%clk 0:01:34]} 84. Kc6 {[%clk 0:39:19]} Ke8 {[%clk 0:01:50]} 85. Bd6
{[%clk 0:38:20]} Rf2 {[%clk 0:01:58]} 86. Kxb5 {[%clk 0:38:34]} Rxf6
{[%clk 0:02:25]} 87. Bb4 {[%clk 0:39:01]} Rf4 {[%clk 0:02:33]} 88. Bd6
{[%clk 0:39:05]} Rf6 {[%clk 0:02:34]} 89. Bc5 {[%clk 0:39:30]} Rf5
{[%clk 0:00:50]} 90. Kxc4 {[%clk 0:39:56]} Kd7 {[%clk 0:01:12]} 91. Kb5
{[%clk 0:40:19]} Rf3 {[%clk 0:01:25]} 92. c4 {[%clk 0:40:31]} Rf4
{[%clk 0:00:43]} 93. Bd6 {[%clk 0:38:44]} Rg4 {[%clk 0:00:42]} 94. c5
{[%clk 0:36:58]} Re4 {[%clk 0:01:10]} 95. Kb6 {[%clk 0:37:09]} Re1
{[%clk 0:01:37]} 96. Ka5 {[%clk 0:37:35]} Kc6 {[%clk 0:00:33]} 97. Kxa4
{[%clk 0:38:01]} Re4+ {[%clk 0:00:33]} 98. Ka5 {[%clk 0:38:18]} Re3
{[%clk 0:00:50]} 99. Kb4 {[%clk 0:38:43]} Re4+ {[%clk 0:01:13]} 100. Kc3
{[%clk 0:39:10]} Kd7 {[%clk 0:01:14]} 101. Kd3 {[%clk 0:39:19]} Re1
{[%clk 0:01:23]} 102. Kc4 {[%clk 0:39:38]} Kc6 {[%clk 0:01:47]} 103. a4
{[%clk 0:39:58]} Re4+ {[%clk 0:01:46]} 104. Kd3 {[%clk 0:40:20]} Re1
{[%clk 0:02:14]} 105. Kd4 {[%clk 0:40:19]} Kd7 {[%clk 0:00:57]} 106. a5
{[%clk 0:40:45]} Rd1+ {[%clk 0:00:51]} 107. Kc4 {[%clk 0:41:10]} Rc1+
{[%clk 0:01:17]} 108. Kb5 {[%clk 0:41:37]} Rb1+ {[%clk 0:01:38]} 109. Ka6
{[%clk 0:41:53]} Re1 {[%clk 0:01:20]} 110. Kb7 {[%clk 0:42:21]} Rb1+
{[%clk 0:01:45]} 111. Ka7 {[%clk 0:42:48]} Re1 {[%clk 0:01:34]} 112. a6
{[%clk 0:43:15]} Re2 {[%clk 0:01:11]} 113. Kb7 {[%clk 0:43:38]} Rb2+
{[%clk 0:01:37]} 114. Ka8 {[%clk 0:44:05]} Re2 {[%clk 0:01:37]} 115. a7
{[%clk 0:44:31]} Kc8 {[%clk 0:01:30]} 116. c6 {[%clk 0:44:18]} Re4
{[%clk 0:01:33]} 117. Bb8 {[%clk 0:44:43]} Rxe7 {[%clk 0:01:55]} 118. c7
{[%clk 0:45:13]} Re1 {[%clk 0:02:15]} 1/2-1/2

[Event "WYCC Open U18"]
[Site "Porto Carras"]
[Date "2015.11.01"]
[Round "7.13"]
[White "Marek, Matyas"]
[Black "Grabinsky, Aaron"]
[Result "1-0"]
[BlackElo "2194"]
[WhiteElo "2398"]
[LiveChessVersion "1.4.6"]

1. e4 {[%clk 1:30:57]} e6 {[%clk 1:30:56]} 2. d4 {[%clk 1:31:25]} d5
{[%clk 1:31:23]} 3. Nc3 {[%clk 1:31:52]} Bb4 {[%clk 1:31:49]} 4. e5
{[%clk 1:32:18]} b6 {[%clk 1:32:16]} 5. a3 {[%clk 1:32:44]} Bf8 {[%clk 1:32:42]}
6. Nf3 {[%clk 1:33:08]} Ne7 {[%clk 1:33:08]} 7. h4 {[%clk 1:33:28]} h6
{[%clk 1:33:21]} 8. h5 {[%clk 1:33:49]} Ba6 {[%clk 1:33:29]} 9. Bxa6
{[%clk 1:34:11]} Nxa6 {[%clk 1:33:56]} 10. Qd3 {[%clk 1:34:36]} Nb8
{[%clk 1:34:13]} 11. Ne2 {[%clk 1:34:25]} c5 {[%clk 1:34:03]} 12. c4
{[%clk 1:33:51]} Nbc6 {[%clk 1:31:07]} 13. dxc5 {[%clk 1:28:48]} bxc5
{[%clk 1:31:08]} 14. O-O {[%clk 1:27:53]} Nf5 {[%clk 1:27:54]} 15. Nf4
{[%clk 1:08:17]} d4 {[%clk 1:25:48]} 16. Qe4 {[%clk 1:08:30]} Rc8
{[%clk 1:24:04]} 17. Nd3 {[%clk 1:07:54]} Na5 {[%clk 1:15:43]} 18. Bf4
{[%clk 0:57:46]} Be7 {[%clk 1:07:51]} 19. b4 {[%clk 0:54:56]} cxb4
{[%clk 1:00:33]} 20. axb4 {[%clk 0:55:14]} Nxc4 {[%clk 1:00:59]} 21. Rxa7
{[%clk 0:54:27]} O-O {[%clk 1:00:39]} 22. Rd1 {[%clk 0:47:53]} Nb6
{[%clk 0:50:51]} 23. g4 {[%clk 0:41:23]} Nh4 {[%clk 0:50:18]} 24. Nxh4
{[%clk 0:41:30]} Bxh4 {[%clk 0:50:42]} 25. Nc5 {[%clk 0:41:10]} Nd5
{[%clk 0:42:38]} 26. Rxd4 {[%clk 0:29:16]} Qb6 {[%clk 0:38:45]} 27. Rb7
{[%clk 0:24:34]} Qc6 {[%clk 0:36:21]} 28. Rc4 {[%clk 0:23:03]} f5
{[%clk 0:27:35]} 29. gxf5 {[%clk 0:16:11]} exf5 {[%clk 0:17:39]} 30. Qg2
{[%clk 0:14:15]} Bg5 {[%clk 0:15:18]} 31. Bxg5 {[%clk 0:13:33]} hxg5
{[%clk 0:15:44]} 32. b5 {[%clk 0:13:23]} 1-0

[Event "WYCC Open U18"]
[Site "Porto Carras"]
[Date "2015.11.01"]
[Round "7.14"]
[White "Sardana, Rishi"]
[Black "David, Alexandru-Vasile"]
[Result "1-0"]
[BlackElo "2340"]
[WhiteElo "2385"]
[LiveChessVersion "1.4.6"]

1. e4 {[%clk 1:30:50]} c5 {[%clk 1:30:45]} 2. Nf3 {[%clk 1:31:14]} Nc6
{[%clk 1:31:08]} 3. Bb5 {[%clk 1:31:33]} Nf6 {[%clk 1:30:24]} 4. Nc3
{[%clk 1:30:00]} g6 {[%clk 1:30:42]} 5. Bxc6 {[%clk 1:19:49]} dxc6
{[%clk 1:30:44]} 6. h3 {[%clk 1:20:05]} Bg7 {[%clk 1:30:51]} 7. d3
{[%clk 1:20:28]} O-O {[%clk 1:31:07]} 8. Be3 {[%clk 1:20:52]} b6 {[%clk 1:31:29]}
9. Qd2 {[%clk 1:21:15]} e5 {[%clk 1:31:53]} 10. Bh6 {[%clk 1:20:21]} Qd6
{[%clk 1:31:59]} 11. O-O {[%clk 1:14:03]} Nh5 {[%clk 1:24:50]} 12. Ne2
{[%clk 1:10:26]} f6 {[%clk 1:17:50]} 13. Rae1 {[%clk 1:07:35]} Bd7
{[%clk 1:14:40]} 14. a4 {[%clk 0:57:12]} Rad8 {[%clk 1:13:55]} 15. b3
{[%clk 0:57:17]} Rf7 {[%clk 1:08:13]} 16. Nh2 {[%clk 0:49:33]} Bh8
{[%clk 1:04:18]} 17. f4 {[%clk 0:33:05]} exf4 {[%clk 1:03:47]} 18. Nxf4
{[%clk 0:32:34]} Qd4+ {[%clk 0:56:14]} 19. Rf2 {[%clk 0:32:51]} Nxf4
{[%clk 0:56:26]} 20. Qxf4 {[%clk 0:26:19]} Be6 {[%clk 0:53:45]} 21. Nf3
{[%clk 0:26:28]} Qd7 {[%clk 0:54:04]} 22. Qg3 {[%clk 0:25:23]} Bg7
{[%clk 0:46:29]} 23. Bxg7 {[%clk 0:24:11]} Kxg7 {[%clk 0:46:37]} 24. e5
{[%clk 0:21:07]} f5 {[%clk 0:46:15]} 25. Ng5 {[%clk 0:20:39]} Rff8
{[%clk 0:46:24]} 26. h4 {[%clk 0:20:08]} h6 {[%clk 0:46:25]} 27. Nh3
{[%clk 0:19:50]} Qf7 {[%clk 0:41:37]} 28. Nf4 {[%clk 0:19:38]} Kh7
{[%clk 0:42:02]} 29. a5 {[%clk 0:19:01]} Rde8 {[%clk 0:33:28]} 30. Ra1
{[%clk 0:14:31]} Bc8 {[%clk 0:30:18]} 31. Re2 {[%clk 0:09:52]} Qg7
{[%clk 0:29:59]} 32. axb6 {[%clk 0:08:26]} axb6 {[%clk 0:30:13]} 33. Ra8
{[%clk 0:06:52]} g5 {[%clk 0:23:39]} 34. hxg5 {[%clk 0:07:09]} hxg5
{[%clk 0:20:50]} 35. Nh5 {[%clk 0:03:29]} Qh6 {[%clk 0:20:42]} 36. Ra7+
{[%clk 0:02:52]} Kh8 {[%clk 0:20:18]} 37. e6 {[%clk 0:02:09]} f4 {[%clk 0:19:23]}
38. Qe1 {[%clk 0:02:22]} 1-0